| 000 | 00810nam a2200205Ii 4500 | ||
|---|---|---|---|
| 003 | JO-AjNU | ||
| 008 | 230605s9999||||xx |||||||||||||| ||und|| | ||
| 017 | _a2009/4/3331 | ||
| 040 |
_aJO-AjNU _bara _erda _cJO-AjNU |
||
| 041 | _aara | ||
| 050 | 1 | 4 | _aBJ1611.2.J3248.2009 |
| 100 | 3 |
_aالجبوري،جاسم محمد ، أمين،زين الدين ، العرتوفي،رقية فيصل, _eauthor _921602 |
|
| 245 | 0 | 0 | _aقوة البرمجة العقلية :الهندسة العقلية استراتيجية تغيير اسلوب الحياة |
| 264 | 3 | 1 | _aعمان:جاسم محمد الجبوري،2009 |
| 300 | _a190ص | ||
| 336 |
_atext _btxt _2rdacontent |
||
| 337 |
_aunmediated _bn _2rdamedia |
||
| 338 |
_avolume _bnc _2rdacarrier |
||
| 650 | 4 |
_aعلم النفس-تحليل الشخصيات _921603 |
|
| 999 |
_aA7531 _c11099 _d11099 |
||